00427nam a2200109Ia 4500008004100000100003100041245009500072260003300167300001800200650001400218856008500232160712s9999 xx 000 0 und d aConcepcion, Grace Liza Y.  cGrace Liza Y. ConcepcionaDisciplinary Cases of Filipino Teachers in the Late 19th Century c2014bSocial Science Diliman avol. 10 no. 1 xEDUCATION uhttp://journals.upd.edu.ph/index.php/socialsciencediliman/issue/view/431/showToc